Plumbing design and estimate / (Record no. 1342)
[ view plain ]
| 000 -LEADER | |
|---|---|
| fixed length control field | 00621nam a22001697a 4500 |
| 005 - DATE AND TIME OF LATEST TRANSACTION | |
| control field | 20230221070034.0 |
| 008 - FIXED-LENGTH DATA ELEMENTS--GENERAL INFORMATION | |
| fixed length control field | 230221b |||||||| |||| 00| 0 eng d |
| 020 ## - INTERNATIONAL STANDARD BOOK NUMBER | |
| International Standard Book Number | 971-858908-2 |
| 082 ## - DEWEY DECIMAL CLASSIFICATION NUMBER | |
| Classification number | Fil. 696.1 F175 2001 |
| 100 ## - MAIN ENTRY--PERSONAL NAME | |
| Personal name | Fajardo, Max B., Jr. |
| Relator term | author |
| 245 ## - TITLE STATEMENT | |
| Title | Plumbing design and estimate / |
| Statement of responsibility, etc. | Max B. Fajardo Jr. |
| 260 ## - PUBLICATION, DISTRIBUTION, ETC. | |
| Place of publication, distribution, etc. | Quezon City: |
| Name of publisher, distributor, etc. | 5138 Merchandising, |
| Date of publication, distribution, etc. | c2001 |
| 300 ## - PHYSICAL DESCRIPTION | |
| Extent | iv, [337]p.: |
| Other physical details | ill. |
| 504 ## - BIBLIOGRAPHY, ETC. NOTE | |
| Bibliography, etc. note | Includes bibliographical references |
| 541 ## - IMMEDIATE SOURCE OF ACQUISITION NOTE | |
| Accession number | 2413 c.1, 2414 c.2, 2415 c.3, 2416 c.4, 2417 c.5, 2418 c.6, 2419 c.7, 2420 c.8, 2421 c.9, 2422 c.10, 2423 c.11, 2459 c.12 |
| 650 ## - SUBJECT ADDED ENTRY--TOPICAL TERM | |
| Topical term or geographic name entry element | Plumbing |
| Withdrawn status | Lost status | Source of classification or shelving scheme | Damaged status | Not for loan | Home library | Current library | Date acquired | Total Checkouts | Full call number | Barcode | Date last seen | Copy number | Price effective from | Koha item type | Date due | Date last checked out |
|---|---|---|---|---|---|---|---|---|---|---|---|---|---|---|---|---|
| Dewey Decimal Classification | ctu-moalboal | ctu-moalboal | 01/17/2012 | Fil. 696.1 F175 2001 | 2413 | 02/21/2023 | 1 | 02/21/2023 | Books-Filipiniana | |||||||
| Dewey Decimal Classification | ctu-moalboal | ctu-moalboal | 01/17/2012 | Fil. 696.1 F175 2001 | 2414 | 02/21/2023 | 2 | 02/21/2023 | Books-Filipiniana | |||||||
| Dewey Decimal Classification | ctu-moalboal | ctu-moalboal | 01/17/2012 | Fil. 696.1 F175 2001 | 2415 | 02/21/2023 | 3 | 02/21/2023 | Books-Filipiniana | |||||||
| Dewey Decimal Classification | ctu-moalboal | ctu-moalboal | 01/17/2012 | Fil. 696.1 F175 2001 | 2416 | 02/21/2023 | 4 | 02/21/2023 | Books-Filipiniana | |||||||
| Dewey Decimal Classification | ctu-moalboal | ctu-moalboal | 01/17/2012 | Fil. 696.1 F175 2001 | 2417 | 02/21/2023 | 5 | 02/21/2023 | Books-Filipiniana | |||||||
| Dewey Decimal Classification | ctu-moalboal | ctu-moalboal | 01/17/2012 | Fil. 696.1 F175 2001 | 2418 | 02/21/2023 | 6 | 02/21/2023 | Books-Filipiniana | |||||||
| Dewey Decimal Classification | ctu-moalboal | ctu-moalboal | 01/17/2012 | Fil. 696.1 F175 2001 | 2419 | 02/21/2023 | 7 | 02/21/2023 | Books-Filipiniana | |||||||
| Dewey Decimal Classification | ctu-moalboal | ctu-moalboal | 01/17/2012 | Fil. 696.1 F175 2001 | 2420 | 02/21/2023 | 8 | 02/21/2023 | Books-Filipiniana | |||||||
| Dewey Decimal Classification | ctu-moalboal | ctu-moalboal | 01/17/2012 | Fil. 696.1 F175 2001 | 2421 | 02/21/2023 | 9 | 02/21/2023 | Books-Filipiniana | |||||||
| Dewey Decimal Classification | ctu-moalboal | ctu-moalboal | 01/17/2012 | Fil. 696.1 F175 2001 | 2422 | 02/21/2023 | 10 | 02/21/2023 | Books-Filipiniana | |||||||
| Dewey Decimal Classification | ctu-moalboal | ctu-moalboal | 01/17/2012 | Fil. 696.1 F175 2001 | 2423 | 02/21/2023 | 11 | 02/21/2023 | Books-Filipiniana | |||||||
| Dewey Decimal Classification | ctu-moalboal | ctu-moalboal | 01/17/2012 | 1 | Fil. 696.1 F175 2001 | 2459 | 03/23/2023 | 12 | 02/21/2023 | Books-Filipiniana | 04/06/2023 | 03/23/2023 |